[Event "Neumarkt am Wallersee op 14th"]
[Site "Neumarkt am Wallersee"]
[Date "2015.08.28"]
[Round "7"]
[White "Koelber, Daniel"]
[Black "Veigl, Wilhelm"]
[Result "1-0"]
[WhiteElo "1747"]
[BlackElo "1942"]
[PlyCount "51"]
[EventDate "2015.08.22"]
[EventType "swiss"]
[EventRounds "9"]
[EventCountry "AUT"]
[SourceTitle "EXT 2016"]
[Source "ChessBase"]
[SourceDate "2015.10.08"]
[SourceVersion "1"]
[SourceVersionDate "2015.10.08"]
[SourceQuality "1"]

1. e4 d6 2. d4 Nf6 3. Nc3 g6 4. f4 Bg7 5. Be3 0-0 6. Nf3 Ne8 7. Rg1 c5 8. g4 Qb6 9. a3 Nc6 10. Na4 Qa5+ 11. Bd2 Qc7 12. d5 Nd4 13. Nc3 a6 14. Be3 Qb6 15. Bc1 Nf6 16. f5 Nxf3+ 17. Qxf3 Nd7 18. h4 Bd4 19. Rg3 Ne5 20. Qg2 Bd7 21. h5 g5 22. Rb1 f6 23. Ne2 c4 24. Nxd4 Nd3+ 25. cxd3 Qxd4 26. Be3 1-0

[Event "Neumarkt am Wallersee op 14th"]
[Site "Neumarkt am Wallersee"]
[Date "2015.08.27"]
[Round "6"]
[White "Frank, Emanuel"]
[Black "Veigl, Wilhelm"]
[Result "1-0"]
[WhiteElo "2195"]
[BlackElo "1942"]
[PlyCount "49"]
[EventDate "2015.08.22"]
[EventType "swiss"]
[EventRounds "9"]
[EventCountry "AUT"]
[SourceTitle "EXT 2016"]
[Source "ChessBase"]
[SourceDate "2015.10.08"]
[SourceVersion "1"]
[SourceVersionDate "2015.10.08"]
[SourceQuality "1"]

1. d4 Nf6 2. c4 d6 3. Nc3 g6 4. e4 Bg7 5. Nf3 0-0 6. Be2 c5 7. d5 Bg4 8. 0-0 Nbd7 9. h3 Bxf3 10. Bxf3 a6 11. Bd2 Rb8 12. a4 h6 13. Qc2 Nh7 14. Be2 f6 15. e5 fxe5 16. Qxg6 Rf6 17. Qg3 Kh8 18. Bh5 Rf8 19. Qg6 Rf6 20. Qc2 Rf8 21. Qc1 Ndf6 22. Bg6 Ng8 23. Ne4 Nhf6 24. Ng3 e6 25. dxe6 1-0

[Event "Weiz op 9th"]
[Site "Weiz"]
[Date "2010.04.18"]
[Round "5"]
[White "Veigl, Wilhelm"]
[Black "Vospernik, Andrej"]
[Result "0-1"]
[WhiteElo "2064"]
[BlackElo "2188"]
[PlyCount "62"]
[EventDate "2010.04.15"]
[EventType "swiss"]
[EventRounds "5"]
[EventCountry "AUT"]
[SourceTitle "CBM 136 Extra"]
[Source "ChessBase"]
[SourceDate "2010.07.02"]
[SourceVersion "2"]
[SourceVersionDate "2010.07.15"]
[SourceQuality "1"]

1. Nf3 d6 2. d4 Bg4 3. e4 e5 4. dxe5 Bxf3 5. Qxf3 dxe5 6. Bc4 Qd7 7. 0-0 Nc6 8. c3 Nf6 9. Bg5 Qg4 10. Qxg4 Nxg4 11. h3 h6 12. Bd2 Nf6 13. Bd3 0-0-0 14. Bc2 Bc5 15. b4 Bb6 16. a4 a5 17. b5 Ne7 18. Kh2 g5 19. Be3 Ng6 20. c4 Bd4 21. Ra3 g4 22. c5 gxh3 23. Kxh3 Rhg8 24. g3 h5 25. Rb3 Ng4 26. c6 bxc6 27. bxc6 Rd6 28. Bd3 Rxc6 29. Bb5 Rc2 30. Bxd4 exd4 31. Kg2 Ne3+ 0-1

[Event "Weiz op 9th"]
[Site "Weiz"]
[Date "2010.04.15"]
[Round "1"]
[White "Veigl, Wilhelm"]
[Black "Kropik, Martin"]
[Result "1/2-1/2"]
[WhiteElo "2064"]
[BlackElo "2091"]
[PlyCount "92"]
[EventDate "2010.04.15"]
[EventType "swiss"]
[EventRounds "5"]
[EventCountry "AUT"]
[SourceTitle "CBM 136 Extra"]
[Source "ChessBase"]
[SourceDate "2010.07.02"]
[SourceVersion "2"]
[SourceVersionDate "2010.07.15"]
[SourceQuality "1"]

1. Nf3 Nf6 2. c4 g6 3. d4 Bg7 4. Nc3 d5 5. h3 0-0 6. Bf4 c5 7. e3 cxd4 8. Nxd4 Nc6 9. Nxc6 bxc6 10. Be5 Qa5 11. Qa4 Qxa4 12. Nxa4 Bf5 13. Rc1 Ne4 14. Bxg7 Kxg7 15. Be2 Rfd8 16. Bf3 Ng5 17. Be2 e5 18. h4 Ne4 19. Bf3 h5 20. cxd5 cxd5 21. Bxe4 Bxe4 22. f3 Bf5 23. Kd2 d4 24. e4 Be6 25. b3 Rac8 26. Rc5 Rxc5 27. Nxc5 Kf6 28. a3 Rb8 29. Rb1 a5 30. Kd3 Ke7 31. g3 Kd6 32. Nxe6 Kxe6 33. b4 axb4 34. axb4 Rc8 35. b5 Kd6 36. b6 Kc6 37. f4 f6 38. g4 Kb7 39. fxe5 fxe5 40. Rb5 Rc3+ 41. Kd2 hxg4 42. Rxe5 Kxb6 43. Rg5 Rg3 44. Rd5 Rh3 45. Rxd4 Rxh4 46. Rd6+ Kc5 1/2-1/2